[Event "Sterlitamak-ch U13"]
[Site "Sterlitamak"]
[Date "2016.04.18"]
[Round "5.2"]
[White "Amirov, Artem"]
[Black "Gupalo, Petr"]
[Result "1-0"]
[WhiteElo "1151"]
[BlackElo "1225"]
[PlyCount "27"]
[EventDate "2016.04.11"]
[EventType "tourn"]
[EventRounds "11"]
[EventCountry "RUS"]
[SourceTitle "EXT 2022"]
[Source "ChessBase"]
[SourceDate "2021.10.06"]
[SourceVersion "1"]
[SourceVersionDate "2021.10.06"]
[SourceQuality "1"]

1. e4 e5 2. Nf3 Nc6 3. d4 exd4 4. Nxd4 Nf6 5. Nc3 Bb4 6. Nxc6 dxc6 7. Qxd8+ Kxd8 8. Bd3 Be6 9. 0-0 Ke7 10. Bg5 Rhe8 11. e5 h6 12. exf6+ Kf8 13. fxg7+ Kxg7 14. Bh4 1-0

[Event "Sterlitamak-ch U13"]
[Site "Sterlitamak"]
[Date "2016.04.13"]
[Round "2.4"]
[White "Ilina, Nataliya"]
[Black "Amirov, Artem"]
[Result "1-0"]
[WhiteElo "1251"]
[BlackElo "1151"]
[PlyCount "69"]
[EventDate "2016.04.11"]
[EventType "tourn"]
[EventRounds "11"]
[EventCountry "RUS"]
[SourceTitle "EXT 2022"]
[Source "ChessBase"]
[SourceDate "2021.10.06"]
[SourceVersion "1"]
[SourceVersionDate "2021.10.06"]
[SourceQuality "1"]

1. d4 d5 2. Bf4 Nc6 3. e3 Nf6 4. Bd3 e6 5. Nd2 Bd6 6. Bg3 0-0 7. c3 e5 8. Bc2 exd4 9. cxd4 Be6 10. Ngf3 Qd7 11. Ne5 Bxe5 12. dxe5 Ng4 13. Nf3 Rad8 14. h3 Nh6 15. Bf4 Nf5 16. Qd3 Nb4 17. Qd2 Nxc2+ 18. Qxc2 d4 19. g4 d3 20. Qd2 Ne7 21. 0-0 Ng6 22. Bg5 f6 23. exf6 gxf6 24. Bh6 Rf7 25. e4 Qc6 26. Rfe1 Bc4 27. Rac1 Qa6 28. e5 fxe5 29. Nxe5 Rf6 30. Nxc4 Nh4 31. Qg5+ Ng6 32. Red1 Qe6 33. Re1 Qf7 34. Ne5 Qe8 35. Qxf6 1-0